MARC details
| 000 -LÍDER |
| campo de controle de tamanho fixo |
01675nam a2200301 4500 |
| 001 - NÚMERO DE CONTROLE |
| campo de controle |
28 |
| 003 - IDENTIFICADOR DO NÚMERO DE CONTROLE |
| campo de controle |
OSt |
| 005 - DATA E HORÁRIO DA ÚLTIMA TRANSAÇÃO |
| campo de controle |
20250207093736.0 |
| 008 - CAMPO DE DADOS FIXOS--INFORMAÇÃO GERAL |
| campo de controle de tamanho fixo |
250121b |||||||g |||| 00| j eng d |
| 020 ## - ISBN - INTERNATIONAL STANDARD BOOK NUMBER |
| ISBN - International Standard Book Number |
8573210427 |
| 040 ## - FONTE DA CATALOGAÇÃO |
| Idioma da catalogação |
por |
| 041 ## - CÓDIGO DE IDIOMA |
| Código do idioma do original e/ou traduções intermediárias do texto |
spa |
| Código do idioma do texto/trilha sonora ou título diferente |
por |
| 082 ## - CDD - CLASSIFICAÇÃO DECIMAL DE DEWEY |
| Número de Classificação |
ar860 |
| Número do exemplar |
A725f |
| 100 1# - ENTRADA PRINCIPAL--NOME PESSOAL |
| Nome pessoal |
Arlt, Roberto, |
| Datas associadas ao nome |
1900-1942 |
| 9 (RLIN) |
71 |
| 240 ## - TÍTULO UNIFORME |
| Título uniforme |
El jorobadito |
| 245 ## - TÍTULO |
| Título |
As feras / |
| Indicação de responsabilidade, etc. |
Arlt, Roberto ; Tradução de Sérgio Molina e Apresentação de Ricardo Piglia |
| 250 ## - EDIÇÃO |
| Declaração de edição |
2° edição |
| 260 ## - PUBLICAÇÃO, DISTRIBUIÇÃO, ETC. |
| Local de publicação, distribuição, etc. |
São Paulo |
| Nome do editor, distribuidor, etc. |
Iluminuras |
| Data da publicação, distribuição, etc. |
2002 |
| 300 ## - DESCRIÇÃO FÍSICA |
| Extensão |
156 p. |
| 520 ## - NOTA DE RESUMO, ETC. |
| Resumo, etc. |
Roberto Arlt (1900-1942) não precisa de apresentação, mas deste livro, que reúne os contos mais famosos da Noite Terrível, Las fieras, Escritor fracassado, Ester Primavera entre outros, é bom registrar os conceitos que merecem a Luis Emilio ... os relatos de Arlt são subjugados até pela promiscuidade de realismo e imaginação como o baul-mundo onde el viajero amontona a ultima hora todos os seus, objetos dispersos (...) Todas essas criações de sua sensibilidade eruptiva respiram a atmosfera de certos aspectos de Buenos Aires e tocam com freqüência aspectos da psicologia coletiva. Os elementos mas opuestos se amalgamam nos relatos de El jorobadito con frenesi lo folletinesco corre aparejado a un realismo intenso, sem precedentes em nossa literatura; passagens escabrosas a granel estão em contato com reações de pureza expiatórias. |
| 650 #0 - ASSUNTO--TERMO TÓPICO |
| Cabeçalho tópico ou nome geográfico |
Literatura argentina |
| 9 (RLIN) |
90 |
| 650 #0 - ASSUNTO--TERMO TÓPICO |
| Cabeçalho tópico ou nome geográfico |
Historias curtas |
| 9 (RLIN) |
67 |
| 650 #0 - ASSUNTO--TERMO TÓPICO |
| Cabeçalho tópico ou nome geográfico |
Espanto |
| 9 (RLIN) |
72 |
| 655 #0 - TERMO DE ÍNDICE--GÊNERO E FORMA |
| Gênero/forma/ou termo foco |
Conto |
| 700 ## - ENTRADA ADICIONADA - NOME PESSOAL |
| Nome pessoal |
Sérgio Molina |
| Função do autor por extenso |
Tradutor |
| 9 (RLIN) |
73 |
| 700 ## - ENTRADA ADICIONADA - NOME PESSOAL |
| Nome pessoal |
Ricardo Piglia |
| Função do autor por extenso |
Apresentação |
| 9 (RLIN) |
74 |
| 942 ## - ELEMENTOS DE ENTRADA ADICIONADOS (KOHA) |
| Fonte de classificação ou esquema de arquivamento |
Classificação decimal de Dewey |
| Ocultar no OPAC |
Não |
| Tipo de material Koha |
Livros |